Statistiques concernant 50 Tubes internationaux de 1970 à 2019 ( 2 )

Cliquez ici pour prendre le quiz!

Statistiques générales

  • Ce quiz a été pris 136 fois
  • Le résultat moyen est 20 sur 50

Statistiques - réponses

InterprètesAnnéeChanson% Correct
Queen1977We are the champions
89%
Village People1978Y.M.C.A.
85%
John Lennon1971Imagine
80%
Aqua1997Barbie girl
77%
Boney M1976Daddy cool
77%
Europe1986The final countdown
70%
Shakira2010Loca
70%
Rolling Stones1973Angie
69%
Rihanna2007Please don't stop the music
67%
Las Ketchup2002The ketchup song ( Aserejé )
64%
Michael Jackson1992Heal the world
61%
Coldplay2011Paradise
59%
Coolio1995Gansta's paradise
53%
Gala1996Freed from desire
53%
Lou Bega1999Mambo No. 5
53%
Stevie Wonder1984I just called to say i love you
52%
Eminem2000Stan
48%
Cher1998Believe
47%
Kylie Minogue2001Can't get you out of my head
44%
U21983New year's day
43%
Madonna1985Into the groove
41%
Shawn Mendes & Camilla Cabello2019Señorita
41%
Dido2003White flag
40%
R.E.M.1993Everybody hurts
40%
Jason Mraz2008I'm yours
37%
Charlie Puth & Meghan Trainor2015Marvin Gaye
35%
Cascada2006Everytime we touch
34%
Rag'n'Bone Man2016Human
33%
Bryan Adams1991I do it for you
32%
Muse2009Uprising
32%
Soft Cell1981Tainted love
32%
Cat Stevens1970Lady d'Arbanville
29%
Tove Lo2014Habits ( Stay high )
25%
Buggles1979Video killed the radio stars
22%
Imagine Dragons2018Natural
22%
Los Lobos1987La bamba
22%
Robbie Williams2005Tripping
22%
Supertramp1982It's raining again
22%
Robert Palmer1980Johnny and Mary
16%
Crash Test Dummies1994Mmm Mmm Mmm Mmm
15%
Portugal. The Man2017Feel it still
15%
Starsailor2004Four to the floor
15%
Asaf Avidan & The Mojos2012The reckoning song
14%
Drake2013Hold on, we're going home
14%
Milli Vanilli1988Girl you know it's true
10%
Temptations1972Papa was a Rolling Stone
10%
Carl Douglas1974Kung Fu fighting
9%
Afric Simone1975Ramaya
7%
Chico & Roberta1990Frente a frente
5%
Jive Bunny & The Mastermixers1989Swing the mood
5%

Distribution des résultats

Percentile par nombre de réponses

% des personnes avec chaque résultat

Votre développement - résultats

Vous n’avez pas pris ce quiz